[Event "Heusenstamm Schloss op"]
[Site "Heusenstamm"]
[Date "2023.11.24"]
[Round "3"]
[White "Fischermann, Simon"]
[Black "Heppert, Lars"]
[Result "1/2-1/2"]
[WhiteElo "1634"]
[BlackElo "1943"]
[PlyCount "52"]
[EventDate "2023.11.23"]
[EventType "swiss"]
[EventRounds "7"]
[EventCountry "GER"]
[SourceTitle "CB50_2023"]
[SourceDate "2023.12.13"]
[SourceVersion "1"]
[SourceVersionDate "2023.12.13"]
[SourceQuality "1"]

1. e4 c5 2. Nf3 g6 3. d3 Bg7 4. Nc3 e6 5. Be2 Ne7 6. Bf4 d5 7. Qd2 h6 8. Nb5 Na6 9. Nd6+ Kf8 10. Ne5 Bxe5 11. Bxe5 Rh7 12. Nxc8 Rxc8 13. f3 Nc6 14. Bg3 d4 15. 0-0 f5 16. a3 g5 17. f4 g4 18. Qe1 Qe8 19. Bh4 Ne7 20. Qg3 Ng6 21. Rae1 Nxh4 22. Qxh4 Qe7 23. Qh5 Qf7 24. Qh4 Qe7 25. Qh5 Qf7 26. Qh4 Qe7 1/2-1/2

[Event "GER-ch U12"]
[Site "Willingen"]
[Date "2023.06.02"]
[Round "8"]
[White "Fischermann, Simon"]
[Black "Zimmer, Tim"]
[Result "1-0"]
[WhiteElo "1659"]
[BlackElo "1258"]
[PlyCount "75"]
[EventDate "2023.05.27"]
[EventType "swiss"]
[EventRounds "9"]
[EventCountry "GER"]
[SourceTitle "CBM 214 Extra"]
[Source "ChessBase"]
[SourceDate "2023.07.31"]
[SourceVersion "1"]
[SourceVersionDate "2023.07.31"]
[SourceQuality "1"]

1. e4 e5 2. Nf3 Nc6 3. d4 exd4 4. Bc4 Bc5 5. c3 Nf6 6. cxd4 Bb4+ 7. Bd2 Bxd2+ 8. Nbxd2 d5 9. exd5 Nxd5 10. 0-0 0-0 11. a3 Nb6 12. Qc2 Qf6 13. Ne4 Qg6 14. Bd3 Bf5 15. Nh4 Nxd4 16. Nxg6 Nxc2 17. Ne7+ Kh8 18. Nxf5 Nxa1 19. Rxa1 Rad8 20. Bf1 Rfe8 21. Nfg3 f5 22. Nc3 Rd2 23. b4 Rc2 24. Nb5 g6 25. Nd4 Rd2 26. Nf3 Rb2 27. Ne1 Kg7 28. Nd3 Rd2 29. Nc5 Kf6 30. Nxb7 f4 31. Nh1 Re5 32. f3 Red5 33. Nf2 Kg7 34. Nc5 Nd7 35. Ne6+ Kh6 36. Ng4+ Kh5 37. Nxf4+ Kg5 38. Nxd5 1-0

[Event "GER-ch U12"]
[Site "Willingen"]
[Date "2023.06.01"]
[Round "7"]
[White "Junge, Mattheo Gabriel"]
[Black "Fischermann, Simon"]
[Result "1-0"]
[WhiteElo "1302"]
[BlackElo "1659"]
[PlyCount "27"]
[EventDate "2023.05.27"]
[EventType "swiss"]
[EventRounds "9"]
[EventCountry "GER"]
[SourceTitle "CBM 214 Extra"]
[Source "ChessBase"]
[SourceDate "2023.07.31"]
[SourceVersion "1"]
[SourceVersionDate "2023.07.31"]
[SourceQuality "1"]

1. e4 e5 2. Nf3 Nc6 3. Bb5 a6 4. Ba4 f5 5. d4 exd4 6. e5 b5 7. Bb3 Bb7 8. 0-0 Na5 9. Nxd4 Nxb3 10. axb3 g6 11. Re1 Ne7 12. Bg5 Bg7 13. e6 d6 14. Nxf5 1-0

[Event "GER-ch U12"]
[Site "Willingen"]
[Date "2023.05.31"]
[Round "6"]
[White "Fischermann, Simon"]
[Black "Shevchenko, Igor1111"]
[Result "1/2-1/2"]
[WhiteElo "1659"]
[BlackElo "1432"]
[PlyCount "87"]
[EventDate "2023.05.27"]
[EventType "swiss"]
[EventRounds "9"]
[EventCountry "GER"]
[SourceTitle "CBM 214 Extra"]
[Source "ChessBase"]
[SourceDate "2023.07.31"]
[SourceVersion "1"]
[SourceVersionDate "2023.07.31"]
[SourceQuality "1"]

1. e4 c6 2. Nf3 d5 3. Nc3 dxe4 4. Nxe4 Nf6 5. Qe2 Nxe4 6. Qxe4 Nd7 7. Bc4 Nf6 8. Ne5 e6 9. Qe2 Bd6 10. f4 0-0 11. 0-0 b5 12. Bb3 Qb6+ 13. Kh1 Bb7 14. d3 c5 15. Be3 Qc7 16. Bf2 Nd5 17. Bg3 Rae8 18. c4 bxc4 19. dxc4 Nb6 20. Bc2 g6 21. b3 Kg7 22. Rfe1 f6 23. Nd3 Nd7 24. Qd2 e5 25. fxe5 Nxe5 26. Nxe5 Bxe5 27. Bxe5 fxe5 28. Be4 Rd8 29. Qc2 Bxe4 30. Rxe4 Rd4 31. Re2 Qd6 32. Rae1 Rd8 33. h3 Re8 34. a3 Re7 35. Re3 Rd2 36. Qc3 Rd1 37. Rxd1 Qxd1+ 38. Re1 Qd4 39. Qxd4 cxd4 40. Kg1 e4 41. Kf2 e3+ 42. Ke2 Kf6 43. Kd3 Ke5 44. Rf1 1/2-1/2

[Event "GER-ch U10"]
[Site "Willingen"]
[Date "2022.06.09"]
[Round "8"]
[White "Fischermann, Simon"]
[Black "Li, Yunqi"]
[Result "0-1"]
[WhiteElo "1344"]
[BlackElo "1312"]
[PlyCount "100"]
[EventDate "2022.06.04"]
[EventType "swiss"]
[EventRounds "11"]
[EventCountry "GER"]
[SourceTitle "CBM 208 Extra"]
[Source "ChessBase"]
[SourceDate "2022.07.31"]
[SourceVersion "1"]
[SourceVersionDate "2022.07.31"]
[SourceQuality "1"]

1. d4 Nf6 2. c4 e6 3. Nc3 Bb4 4. Bd2 b6 5. Nf3 Bb7 6. e3 0-0 7. Bd3 d6 8. a3 Bxc3 9. Bxc3 Ne4 10. Qc2 f5 11. Bxe4 Bxe4 12. Qe2 Nd7 13. 0-0 Nf6 14. Nd2 Bb7 15. f3 c5 16. b3 Re8 17. h3 Qc7 18. dxc5 dxc5 19. Bxf6 gxf6 20. e4 f4 21. Rfd1 Kh8 22. Nf1 Re7 23. Rd2 Rg8 24. Rad1 Bc8 25. Rd6 Reg7 26. Nh2 h5 27. Qf2 Qf7 28. R1d2 Rg3 29. Kh1 e5 30. Rd8 R3g5 31. Qf1 Kh7 32. Qd1 Kh6 33. Rxg8 Rxg8 34. Rd8 Be6 35. Rxg8 Qxg8 36. Qd6 Qf7 37. Nf1 Kg6 38. Nd2 Qd7 39. Qxd7 Bxd7 40. b4 Ba4 41. Kg1 Kf7 42. Kf2 Ke6 43. Ke2 Bc2 44. Nf1 f5 45. exf5+ Bxf5 46. Nd2 Kd6 47. Ne4+ Bxe4 48. fxe4 cxb4 49. axb4 a5 50. g4 fxg3 0-1

[Event "GER-ch U10"]
[Site "Willingen"]
[Date "2022.06.08"]
[Round "6"]
[White "Fischermann, Simon"]
[Black "Peglau, Paul David"]
[Result "1/2-1/2"]
[WhiteElo "1344"]
[BlackElo "1623"]
[PlyCount "81"]
[EventDate "2022.06.04"]
[EventType "swiss"]
[EventRounds "11"]
[EventCountry "GER"]
[SourceTitle "CBM 208 Extra"]
[Source "ChessBase"]
[SourceDate "2022.07.31"]
[SourceVersion "1"]
[SourceVersionDate "2022.07.31"]
[SourceQuality "1"]

1. e4 e6 2. d4 d5 3. exd5 exd5 4. Bf4 Nf6 5. Bd3 Bd6 6. Bxd6 Qxd6 7. Nc3 c6 8. Qd2 0-0 9. 0-0-0 b5 10. f3 a5 11. g4 Be6 12. h4 a4 13. h5 b4 14. Nb1 Na6 15. g5 Nd7 16. f4 f5 17. g6 h6 18. Nf3 b3 19. cxb3 axb3 20. a3 c5 21. Bxa6 Rxa6 22. Nc3 Rc8 23. Kb1 Nf6 24. Ne5 Ne4 25. Nxe4 dxe4 26. dxc5 Qxc5 27. Rc1 Rd6 28. Qe2 Qd4 29. Qb5 Rdd8 30. Nc6 Qd7 31. Qa5 Qd3+ 32. Ka1 Re8 33. Rhd1 Rxc6 34. Rb1 Ra6 35. Qc7 Qc4 36. Qe5 Raa8 37. Rbc1 Qa4 38. Rc7 Bd7 39. Qd5+ Be6 40. Qe5 Bd7 41. Qd5+ 1/2-1/2

[Event "GER-ch U10"]
[Site "Willingen"]
[Date "2022.06.06"]
[Round "4"]
[White "Fischermann, Simon"]
[Black "Chua, Daniel James"]
[Result "1-0"]
[WhiteElo "1344"]
[BlackElo "1314"]
[PlyCount "102"]
[EventDate "2022.06.04"]
[EventType "swiss"]
[EventRounds "11"]
[EventCountry "GER"]
[SourceTitle "CBM 208 Extra"]
[Source "ChessBase"]
[SourceDate "2022.07.31"]
[SourceVersion "1"]
[SourceVersionDate "2022.07.31"]
[SourceQuality "1"]

1. d4 Nf6 2. Nc3 d5 3. e3 e6 4. Bd3 Bd6 5. e4 dxe4 6. Nxe4 Nc6 7. Nf3 0-0 8. Bg5 Be7 9. Nxf6+ Bxf6 10. Bxf6 Qxf6 11. 0-0 Rd8 12. c3 Bd7 13. Qc2 g6 14. Rfe1 Ne7 15. Ne5 Nd5 16. Be4 Qg5 17. Qb3 Nf4 18. g3 Nh3+ 19. Kg2 Nf4+ 20. Kf1 Nh3 21. Nxd7 Rxd7 22. Qxb7 Rad8 23. Qxa7 Qf6 24. Re2 Ng5 25. h4 Nxe4 26. Rxe4 Qf3 27. Ree1 Rd5 28. Qxc7 R8d7 29. Qf4 Qd3+ 30. Kg1 Rf5 31. Qe3 Qb5 32. Qe2 Qd5 33. a4 Rh5 34. a5 Kg7 35. a6 Ra7 36. b4 Kh6 37. Qe4 Qb5 38. Ra5 Qd7 39. Rxh5+ gxh5 40. Qf4+ Kg7 41. Qg5+ Kf8 42. b5 Qc7 43. Qc5+ Qxc5 44. dxc5 Ke7 45. Rd1 f6 46. c6 Ra8 47. c7 Rc8 48. b6 e5 49. b7 Rxc7 50. b8Q Rc6 51. Qb7+ Ke6 1-0